[Event "SRB-chT2 East"]
[Site "Serbia"]
[Date "2018.09.09"]
[Round "4.5"]
[White "Djordjevic, Dejan N"]
[Black "Djukic, Nebojsa"]
[Result "1/2-1/2"]
[WhiteElo "2182"]
[BlackElo "2173"]
[PlyCount "43"]
[EventDate "2018.09.07"]
[EventType "team-tourn"]
[EventRounds "11"]
[EventCountry "SRB"]
[SourceTitle "EXT 2021"]
[Source "ChessBase"]
[SourceDate "2020.10.23"]
[SourceVersion "1"]
[SourceVersionDate "2020.10.23"]
[SourceQuality "1"]
[WhiteTeam "Nis Nais"]
[BlackTeam "Nis Svitanja"]
[WhiteTeamCountry "SRB"]
[BlackTeamCountry "SRB"]

1. e4 e6 2. d3 d5 3. Nd2 Nf6 4. Ngf3 c5 5. g3 Nc6 6. Bg2 Be7 7. 0-0 0-0 8. Re1 Qc7 9. Nf1 d4 10. c4 e5 11. h3 Ne8 12. g4 Nd6 13. Ng3 g6 14. a3 a5 15. a4 Bd7 16. b3 f6 17. Qe2 Rae8 18. Rf1 Rf7 19. Nh2 g5 20. Nf5 Bf8 21. Re1 Ne7 22. Ng3 1/2-1/2

[Event "SRB-chT 1st League"]
[Site "Kragujevac"]
[Date "2016.09.17"]
[Round "10.3"]
[White "Jesic, Dusan"]
[Black "Djukic, Nebojsa"]
[Result "1/2-1/2"]
[WhiteElo "2348"]
[BlackElo "2196"]
[PlyCount "97"]
[EventDate "2016.09.10"]
[EventType "team-tourn"]
[EventRounds "11"]
[EventCountry "SRB"]
[SourceTitle "CBM 174 Extra"]
[Source "ChessBase"]
[SourceDate "2016.10.10"]
[SourceVersion "1"]
[SourceVersionDate "2016.10.10"]
[SourceQuality "1"]
[WhiteTeam "Sabac"]
[BlackTeam "Nis Svitanja"]
[WhiteTeamCountry "SRB"]
[BlackTeamCountry "SRB"]

1. b3 d5 2. Bb2 Bf5 3. Nf3 h6 4. c4 c6 5. g3 e6 6. Bg2 Nf6 7. 0-0 Be7 8. d3 0-0 9. Nbd2 Nbd7 10. Rc1 a5 11. a3 Qb6 12. Qc2 Rfd8 13. Rfd1 Bc5 14. Rf1 Ng4 15. Qc3 Bxf2+ 16. Kh1 Ndf6 17. c5 Qc7 18. e4 d4 19. Qc4 Ne3 20. Qa4 Nxf1 21. Rxf1 Be3 22. exf5 exf5 23. Nc4 Ng4 24. Nxe3 dxe3 25. d4 f4 26. Qc4 fxg3 27. h3 Nf2+ 28. Kg1 Qd7 29. Ne5 Qf5 30. Ng4 Re8 31. Qe2 Qd3 32. Re1 Qxb3 33. d5 cxd5 34. Bd4 Qxa3 35. Nxh6+ gxh6 36. Qf3 Re6 37. Qxg3+ Rg6 38. Qe5 Kh7 39. Qxd5 Rf8 40. Rxe3 Nxh3+ 41. Kh2 Nf4 42. Rxa3 Nxd5 43. Bxd5 Rd8 44. Bxf7 Rxd4 45. Bxg6+ Kxg6 46. Rxa5 Rb4 47. Ra8 Rb5 48. Rc8 Kh5 49. c6 1/2-1/2

[Event "SRB-chT 1st League"]
[Site "Kragujevac"]
[Date "2015.09.09"]
[Round "6.1"]
[White "Colovic, Dusan"]
[Black "Djukic, Nebojsa"]
[Result "1-0"]
[WhiteElo "2375"]
[BlackElo "2174"]
[PlyCount "37"]
[EventDate "2015.09.05"]
[EventType "team-tourn"]
[EventRounds "11"]
[EventCountry "SRB"]
[SourceTitle "EXT 2016"]
[Source "ChessBase"]
[SourceDate "2015.10.08"]
[SourceVersion "1"]
[SourceVersionDate "2015.10.08"]
[SourceQuality "1"]
[WhiteTeam "Lucani Mladost"]
[BlackTeam "Nis Svitanja"]
[WhiteTeamCountry "SRB"]
[BlackTeamCountry "SRB"]

1. e4 e6 2. Qe2 d5 3. exd5 Qxd5 4. Nc3 Qd8 5. g3 Nc6 6. Nf3 a6 7. Bg2 Bc5 8. 0-0 Nf6 9. Ne4 Be7 10. c3 Qd5 11. Nxf6+ Bxf6 12. d4 Qa5 13. a4 Bd7 14. Nd2 0-0 15. Nc4 Qf5 16. g4 Qg6 17. Be4 Ne7 18. Bxg6 hxg6 19. g5 1-0

[Event "SRB-chT 1st League"]
[Site "Kragujevac"]
[Date "2015.09.05"]
[Round "1.4"]
[White "Djukic, Nebojsa"]
[Black "Jovanovic, Dusan D"]
[Result "1-0"]
[WhiteElo "2174"]
[BlackElo "2381"]
[PlyCount "91"]
[EventDate "2015.09.05"]
[EventType "team-tourn"]
[EventRounds "11"]
[EventCountry "SRB"]
[SourceTitle "EXT 2016"]
[Source "ChessBase"]
[SourceDate "2015.10.08"]
[SourceVersion "1"]
[SourceVersionDate "2015.10.08"]
[SourceQuality "1"]
[WhiteTeam "Nis Svitanja"]
[BlackTeam "Ub"]
[WhiteTeamCountry "SRB"]
[BlackTeamCountry "SRB"]

1. e4 e6 2. d4 d5 3. Nd2 Nf6 4. e5 Ng8 5. f4 Ne7 6. Bd3 b6 7. Ne2 h5 8. Nf3 Ba6 9. Be3 Qd7 10. c3 Bxd3 11. Qxd3 Nbc6 12. 0-0 Nf5 13. g3 Na5 14. Kg2 Nc4 15. Bc1 Be7 16. b3 Na5 17. h3 c5 18. g4 hxg4 19. hxg4 Nh4+ 20. Kg3 c4 21. Qc2 Nxf3 22. Rxf3 cxb3 23. axb3 g6 24. Bd2 Rc8 25. c4 Nc6 26. Qd3 Bb4 27. Bxb4 Nxb4 28. Qd2 a5 29. Rc1 Qd8 30. Kg2 Qh4 31. Rg3 dxc4 32. bxc4 Rd8 33. Qe3 Nc2 34. Qe4 Qh2+ 35. Kf3 Nb4 36. Rd1 Rh3 37. Rxh3 Qxh3+ 38. Ng3 Qh6 39. Rh1 Qf8 40. f5 Rb8 41. fxe6 fxe6+ 42. Kg2 Qg7 43. Ne2 Rc8 44. Nf4 Kd7 45. Qb7+ Rc7 46. Qxc7+ 1-0

[Event "IBCA Wch blind 12th"]
[Site "Belgrade"]
[Date "2010.09.03"]
[Round "8.4"]
[White "Djukic, Nebojsa"]
[Black "Stachanczyk, Jacek"]
[Result "0-1"]
[WhiteElo "2176"]
[BlackElo "2267"]
[PlyCount "62"]
[EventDate "2010.08.26"]
[EventType "swiss"]
[EventRounds "9"]
[EventCountry "SRB"]
[SourceTitle "EXT 2011"]
[Source "ChessBase"]
[SourceDate "2010.11.26"]
[SourceVersion "1"]
[SourceVersionDate "2010.11.26"]
[SourceQuality "1"]

1. e4 c5 2. c4 Nc6 3. Ne2 Nf6 4. Nbc3 e6 5. d4 cxd4 6. Nxd4 Bb4 7. Nxc6 bxc6 8. Bd3 e5 9. Bd2 d6 10. 0-0 0-0 11. Qe2 Bc5 12. Kh1 a5 13. h3 Bd4 14. f4 Rb8 15. Rab1 exf4 16. Bxf4 Qe7 17. Rbe1 Nd7 18. e5 Bxe5 19. Qe4 f5 20. Qxc6 Bb7 21. Nd5 Qd8 22. Qa4 Bxd5 23. cxd5 Rb4 24. Qc2 Rxf4 25. Rxf4 Bxf4 26. Bxf5 Qh4 27. Rf1 Nf6 28. Qa4 Nh5 29. Bg4 Ng3+ 30. Kg1 Be3+ 31. Kh2 Nxf1+ 0-1